|
|
|
|
| LEADER |
01436nam a22003131a 4500 |
| 001 |
000697744 |
| 003 |
CZ BrMZK |
| 005 |
20140527101944.0 |
| 007 |
ta |
| 008 |
031124s1962 xr f 000 0 cze d |
| 015 |
|
|
|a cnb000473490
|
| 035 |
|
|
|a (OCoLC)42088522
|
| 040 |
|
|
|a BOA001
|b cze
|
| 100 |
1 |
|
|a Hamsík, Antonín,
|d 1878-1963
|7 jk01033324
|4 aut
|
| 245 |
1 |
0 |
|a Biochemie :
|b vysokoškolská učebnice /
|c Antonín Hamsík, František Šantavý
|
| 250 |
|
|
|a 6., dopl. a přeprac. vyd.
|
| 260 |
|
|
|a Praha :
|b Státní zdravotnické nakladatelství,
|c 1962
|
| 300 |
|
|
|a 671 s.
|
| 700 |
1 |
|
|a Šantavý, František,
|d 1915-1983
|7 jk01122500
|4 aut
|
| 856 |
4 |
1 |
|u http://www.digitalniknihovna.cz/mzk/uuid/uuid:df6dade0-4d5a-11e4-aded-005056827e51
|y Digitalizovaný dokument
|x NDK
|
| 910 |
|
|
|a BOA001
|b PK-0031.755
|b 2-0487.027
|
| 920 |
|
|
|a 000159247
|
| 964 |
|
|
|a Biochemie - učebnice vysokoškolské
|
| 990 |
|
|
|a BK
|
| 996 |
6 |
|
|b 2619856699
|c 2-0487.027
|l MZK
|r Sklad / do 24 hodin
|n 1
|w 000697744
|u 000050
|a 1
|e BOA001
|j MZK50
|s P
|
| 996 |
7 |
|
|b 2619902148
|c 2-0487.027
|l MZK
|r Sklad / do 24 hodin
|n 1
|w 000697744
|u 000030
|a 1
|e BOA001
|j MZK50
|s A
|
| 996 |
7 |
|
|b 2619903107
|c 2-0487.027
|l MZK
|r Sklad / do 24 hodin
|n 3
|w 000697744
|u 000040
|a 1
|e BOA001
|j MZK50
|s A
|
| 996 |
7 |
|
|b 2619951631
|c 2-0487.027
|l MZK
|r Sklad / do 24 hodin
|n 9
|w 000697744
|u 000020
|a 1
|e BOA001
|j MZK50
|s A
|
| 996 |
6 |
|
|b BC-125794
|c PK-0031.755
|l MZK
|r Sklad / do 1 hodiny
|n 0
|w 000697744
|u 000010
|a 1
|e BOA001
|j MZK50
|s P
|